| Tag |
First Indicator |
Second Indicator |
Subfields |
| LEADER |
00000cam a2200000 a 4500 |
| 001 |
in00000090655 |
| 005 |
20151008065734.0 |
| 008 |
781018m1969 nyu b 00010 engm |
| 010 |
|
|
|a 78108020
|
| 035 |
|
|
|a (OCoLC)04468733
|
| 035 |
|
|
|9 AAK6492AM
|
| 040 |
|
|
|a DLC
|c DLC
|d TXA
|d UtOrBLW
|
| 049 |
|
|
|a TXAM
|v 1 [444377]
|v 2 [444378]
|v 3 [444379]
|v 4 [444380]
|v 5 [444381]
|
| 050 |
0 |
0 |
|a K4460.4
|b .H36
|
| 082 |
0 |
|
|a 343.04
|
| 110 |
2 |
|
|a Deloitte, Haskins & Sells.
|
| 245 |
1 |
0 |
|a International tax and business service /
|c Deloitte, Haskins & Sells.
|
| 264 |
|
1 |
|a [New York] :
|b Haskins & Sells,
|c 1969-
|
| 300 |
|
|
|a 5 volumes ;
|c 26 cm.
|
| 336 |
|
|
|a text
|b txt
|2 rdacontent
|
| 337 |
|
|
|a unmediated
|b n
|2 rdamedia
|
| 338 |
|
|
|a volume
|b nc
|2 rdacarrier
|
| 500 |
|
|
|a Cover title.
|
| 500 |
|
|
|a Loose-leaf for updating.
|
| 504 |
|
|
|a Includes bibliographical references.
|
| 650 |
|
0 |
|a Taxation
|x Law and legislation.
|
| 650 |
|
0 |
|a Corporations
|x Taxation.
|
| 999 |
|
|
|a MARS
|
| 999 |
f |
f |
|s c74058fe-de8f-35ec-868d-8b9312ce5986
|i c9b37ca6-eb64-34c5-8c11-07303d2fc726
|t 0
|
| 952 |
f |
f |
|p ric
|a Texas A&M University
|b Rellis Campus
|c Joint Library Facility
|d Remote Storage
|t 0
|e K4460.4 .H36
|h Library of Congress classification
|i unmediated -- volume
|k v.2
|m A14805991952
|
| 952 |
f |
f |
|p ric
|a Texas A&M University
|b Rellis Campus
|c Joint Library Facility
|d Remote Storage
|t 0
|e K4460.4 .H36
|h Library of Congress classification
|i unmediated -- volume
|k v.4
|m A14805991978
|
| 952 |
f |
f |
|p ric
|a Texas A&M University
|b Rellis Campus
|c Joint Library Facility
|d Remote Storage
|t 0
|e K4460.4 .H36
|h Library of Congress classification
|i unmediated -- volume
|k v.3
|m A14805991960
|
| 952 |
f |
f |
|p ric
|a Texas A&M University
|b Rellis Campus
|c Joint Library Facility
|d Remote Storage
|t 0
|e K4460.4 .H36
|h Library of Congress classification
|i unmediated -- volume
|k v.5
|m A14805991986
|
| 952 |
f |
f |
|p ric
|a Texas A&M University
|b Rellis Campus
|c Joint Library Facility
|d Remote Storage
|t 0
|e K4460.4 .H36
|h Library of Congress classification
|i unmediated -- volume
|k v.1
|m A14805991944
|
| 998 |
f |
f |
|a K4460.4 .H36
|s v.1-v.5
|t 0
|l Remote Storage
|